[Event "DEM U12w 2016"]
[Site "Willingen GER"]
[Date "2016.05.19"]
[Round "8"]
[White "Otterpohl, Isabel"]
[Black "Delgado, Celina"]
[Result "1-0"]
[Termination "normal"]
[Board "10"]
[WhiteElo "1699"]
[BlackElo "1405"]
[PlyCount "67"]
[WhiteFideId "12999180"]
[BlackFideId "12993735"]
[EventCountry "GER"]
[EventRounds "11"]
[EventType "swiss"]
[EventDate "2016.05.14"]

1. e4 e5 2. d4 exd4 3. Nf3 Nc6 4. Bc4 Nf6 5. e5 d5 6. Bb5 Ne4 7. Nxd4 Bd7 8.
Bxc6 bxc6 9. O-O Bc5 10. Be3 Qe7 11. f3 Ng5 12. f4 Ne4 13. Nd2 Nxd2 14. Qxd2
O-O 15. Kh1 f6 16. Qc3 Bxd4 17. Bxd4 Qf7 18. exf6 gxf6 19. f5 Kh8 20. Rae1 Rae8
21. Rxe8 Bxe8 22. Bxa7 Qh5 23. Bd4 Qg5 24. h3 Rf7 25. Qf3 Rf8 26. Qc3 Rf7 27.
Qf3 Rf8 28. a4 Qd2 29. Qc3 Qg5 30. a5 Bd7 31. a6 Bxf5 32. a7 Be4 33. Bxf6+ Rxf6
34. a8=Q+ 1-0

[Event "DEM U12w 2016"]
[Site "Willingen GER"]
[Date "2016.05.19"]
[Round "8"]
[White "Visvikis, Kassandra"]
[Black "Dietz, Kristin"]
[Result "0-1"]
[Termination "normal"]
[Board "11"]
[WhiteElo "1342"]
[BlackElo "1432"]
[PlyCount "98"]
[WhiteFideId "36052167"]
[BlackFideId "12993743"]
[EventCountry "GER"]
[EventRounds "11"]
[EventType "swiss"]
[EventDate "2016.05.14"]

1. e4 c5 2. Nf3 d6 3. d4 cxd4 4. Nxd4 Nf6 5. Nc3 g6 6. Be3 Bg7 7. f3 O-O 8. Qd2
Nc6 9. Nb3 Be6 10. g4 Ne5 11. Be2 Qd7 12. O-O-O Rfc8 13. Nd4 Bc4 14. b3 Bxe2
15. Qxe2 Rxc3 16. h4 a6 17. h5 Nc6 18. Qd2 Nxd4 19. Bxd4 Rc6 20. Be3 Rac8 21.
c4 Rxc4+ 22. bxc4 Rxc4+ 23. Kb1 Qb5+ 24. Qb2 Rb4 25. Rd2 Nxe4 26. Qxb4 Qxb4+
27. Kc1 Nxd2 28. Bxd2 Qb2+ 29. Kd1 Qb1+ 30. Bc1 Bh6 31. Ke2 Qc2+ 32. Kf1 Qxc1+
33. Kg2 Qd2+ 34. Kh3 Qe2 35. Kg3 Qxa2 36. Rf1 b5 37. Rf2 Qe6 38. Kg2 b4 39. Rb2
b3 40. Kh3 Bg7 41. Rb1 b2 42. Rf1 Qb3 43. Rb1 Qc2 44. Rg1 b1=R 45. Rg2 Qd3 46.
Rf2 Bd4 47. Rg2 Qxf3+ 48. Kh2 Be5+ 49. Rg3 Qxg3# 0-1

[Event "DEM U12w 2016"]
[Site "Willingen GER"]
[Date "2016.05.19"]
[Round "8"]
[White "Meijerink, Inken"]
[Black "Limbach, Anna-Lena"]
[Result "1/2-1/2"]
[Termination "normal"]
[Board "12"]
[WhiteElo "1306"]
[BlackElo "1365"]
[PlyCount "70"]
[WhiteFideId "16225465"]
[BlackFideId "12980412"]
[EventCountry "GER"]
[EventRounds "11"]
[EventType "swiss"]
[EventDate "2016.05.14"]

1. e4 e5 2. Nf3 Nc6 3. d4 exd4 4. Nxd4 Bc5 5. Be3 Qf6 6. Nb5 Bxe3 7. fxe3 Kd8
8. N1c3 Nge7 9. Qd2 d6 10. O-O-O Be6 11. Be2 Ng6 12. Rhf1 Qe5 13. h3 Rf8 14.
Kb1 Kd7 15. Rf2 f6 16. Nd4 Bf7 17. Bg4+ Kd8 18. Rdf1 Nge7 19. Rg1 h5 20. Bd1 h4
21. Bg4 a6 22. Nf3 Qc5 23. Nxh4 b5 24. a3 a5 25. Kc1 b4 26. Na4 Qb5 27. b3 bxa3
28. Qd3 Qxd3 29. cxd3 Bxb3 30. Bd1 Bxa4 31. Bxa4 Rb8 32. Ra2 Kd7 33. Rxa3 Rb4
34. Bc2 Rfb8 35. Kd2 d5 1/2-1/2

[Event "DEM U12w 2016"]
[Site "Willingen GER"]
[Date "2016.05.19"]
[Round "8"]
[White "Krömer, Paulina"]
[Black "Gehrke, Gina Celina"]
[Result "1/2-1/2"]
[Termination "normal"]
[Board "13"]
[WhiteElo "1643"]
[BlackElo "1519"]
[PlyCount "53"]
[WhiteFideId "16212363"]
[BlackFideId "16205979"]
[EventCountry "GER"]
[EventRounds "11"]
[EventType "swiss"]
[EventDate "2016.05.14"]

1. d4 d5 2. Nf3 e6 3. e3 Bd6 4. Bd3 Nd7 5. b3 f5 6. O-O Ngf6 7. Bb2 O-O 8. Ne5
c6 9. f4 Ne4 10. Nd2 Qh4 11. Ndf3 Qe7 12. c4 Nxe5 13. Nxe5 Bxe5 14. dxe5 Qh4
15. Bxe4 fxe4 16. Rc1 Bd7 17. Bc3 Be8 18. Be1 Qh5 19. Bb4 Qxd1 20. Rfxd1 Bh5
21. Bxf8 Bxd1 22. Bd6 Bh5 23. cxd5 exd5 24. a4 Kf7 25. b4 Rc8 26. h3 Be2 27. a5
1/2-1/2

[Event "DEM U12w 2016"]
[Site "Willingen GER"]
[Date "2016.05.19"]
[Round "8"]
[White "Liu, Sijia Anna"]
[Black "Orlova, Alicia"]
[Result "1/2-1/2"]
[Termination "normal"]
[Board "14"]
[WhiteElo "1357"]
[BlackElo "1285"]
[PlyCount "87"]
[WhiteFideId "12989746"]
[BlackFideId "34154563"]
[EventCountry "GER"]
[EventRounds "11"]
[EventType "swiss"]
[EventDate "2016.05.14"]

1. e4 e5 2. Nf3 Qe7 3. Bc4 h6 4. c3 Nf6 5. d3 d6 6. O-O Nbd7 7. Re1 g6 8. Nbd2
Bg7 9. Nf1 O-O 10. Ng3 c6 11. d4 b5 12. Bb3 c5 13. Nh4 Nb6 14. Nxg6 Qe8 15.
Nxf8 Kxf8 16. Nf5 Bxf5 17. exf5 c4 18. Bc2 Nfd5 19. f6 Nxf6 20. dxe5 dxe5 21.
Qd6+ Kg8 22. Rxe5 Qf8 23. Qxf8+ Bxf8 24. Rxb5 Re8 25. Be3 Ng4 26. Bd4 Bd6 27.
h3 Ne5 28. Bxe5 Bxe5 29. Kf1 Re6 30. Re1 Bg7 31. Rxe6 fxe6 32. Ra5 Nc8 33. Rc5
Nd6 34. Rc7 a5 35. Ke2 e5 36. Ke3 Kf8 37. f4 Nb5 38. Rxc4 Nd6 39. Rc7 Nf7 40.
Bg6 exf4+ 41. Kxf4 Be5+ 42. Ke4 Bxc7 43. Bxf7 Kxf7 44. Kd5 1/2-1/2

[Event "DEM U12w 2016"]
[Site "Willingen GER"]
[Date "2016.05.19"]
[Round "8"]
[White "Kieckbusch, Lotta"]
[Black "Schmidt, Pauline"]
[Result "0-1"]
[Termination "normal"]
[Board "15"]
[WhiteElo "993"]
[BlackElo "1142"]
[PlyCount "68"]
[WhiteFideId "16214390"]
[BlackFideId "16209850"]
[EventCountry "GER"]
[EventRounds "11"]
[EventType "swiss"]
[EventDate "2016.05.14"]

1. e4 e5 2. Nf3 Nc6 3. Bc4 Bc5 4. c3 Nf6 5. d4 exd4 6. cxd4 Bb4+ 7. Nc3 Nxe4 8.
O-O Bxc3 9. d5 Bf6 10. Re1 Ne7 11. Rxe4 d6 12. Bg5 Bxg5 13. Nxg5 h6 14. Qe2
hxg5 15. Re1 Be6 16. dxe6 f6 17. Re3 c6 18. Rh3 Rxh3 19. gxh3 g6 20. Qf3 Qa5
21. Re2 Qf5 22. Qa3 Qc5 23. Qd3 O-O-O 24. Bb3 Rh8 25. Rd2 Kc7 26. Kg2 Rh4 27.
Bc2 Qd5+ 28. Kg1 Qxd3 29. Rxd3 Re4 30. Re3 Rxe3 31. fxe3 Nf5 32. Kf2 d5 33. Ke2
Kd6 34. Kf3 Kxe6 0-1

[Event "DEM U12w 2016"]
[Site "Willingen GER"]
[Date "2016.05.19"]
[Round "8"]
[White "Bohrer, Katharina"]
[Black "Hapke, Lara"]
[Result "1-0"]
[Termination "normal"]
[Board "16"]
[WhiteElo "1406"]
[BlackElo "971"]
[PlyCount "37"]
[WhiteFideId "16225457"]
[BlackFideId "12996572"]
[EventCountry "GER"]
[EventRounds "11"]
[EventType "swiss"]
[EventDate "2016.05.14"]

1. e4 e5 2. Nf3 Nc6 3. d4 exd4 4. Bc4 Nf6 5. c3 dxc3 6. Qb3 Qe7 7. O-O d6 8.
Nxc3 Na5 9. Qa4+ Nc6 10. Re1 Bd7 11. Bb5 O-O-O 12. Bxc6 Bxc6 13. Qxa7 h5 14.
Nd5 Nxd5 15. exd5 Qf6 16. Bg5 Qg6 17. dxc6 bxc6 18. Qa8+ Kd7 19. Qxd8# 1-0

[Event "DEM U12w 2016"]
[Site "Willingen GER"]
[Date "2016.05.19"]
[Round "8"]
[White "Zell, Hannah"]
[Black "Reichelt, Lena"]
[Result "0-1"]
[Termination "normal"]
[Board "17"]
[WhiteElo "1371"]
[BlackElo "1261"]
[PlyCount "128"]
[WhiteFideId "16208900"]
[BlackFideId "12981184"]
[EventCountry "GER"]
[EventRounds "11"]
[EventType "swiss"]
[EventDate "2016.05.14"]

1. e4 e6 2. d4 d5 3. Bd3 Nf6 4. e5 Nfd7 5. f4 c5 6. c3 Nc6 7. Nf3 Be7 8. Be3
cxd4 9. cxd4 f6 10. O-O O-O 11. Qc2 f5 12. a3 Nb6 13. Nc3 a6 14. Ne2 Bd7 15.
Ng3 Rc8 16. Qd1 Na5 17. Rc1 Nac4 18. Bxc4 Nxc4 19. Qb3 b5 20. Nd2 Rb8 21. Nxc4
bxc4 22. Qc3 Rb3 23. Qd2 Qb6 24. Rf2 Rb8 25. Ra1 Rxb2 26. Qd1 Rxf2 27. Bxf2 Qb3
28. Qc1 Qb2 29. Qxb2 Rxb2 30. Be1 Bb5 31. a4 Bd7 32. Kf1 Rb3 33. Ke2 Ra3 34.
Rxa3 Bxa3 35. a5 g6 36. Bc3 Kf8 37. Kd2 Ba4 38. Nf1 Ke8 39. Ne3 Kd7 40. g4 Kc6
41. g5 Kb5 42. Nc2 Bxc2 43. Kxc2 Bb4 44. Bxb4 Kxb4 45. h3 Kxa5 46. Kc3 Kb5 47.
h4 a5 48. Kc2 Kb4 49. Kb2 a4 50. Kc2 a3 51. Kb1 Kc3 52. Ka2 Kd2 53. Kxa3 c3 54.
Kb4 c2 55. Kc5 c1=Q+ 56. Kd6 Qc8 57. Ke7 Kc3 58. Kf7 Qd7+ 59. Kf6 Kxd4 60. h5
gxh5 61. g6 hxg6 62. Kxg6 Ke3 63. Kxh5 Qg7 64. Kh4 Qg4# 0-1

[Event "DEM U12w 2016"]
[Site "Willingen GER"]
[Date "2016.05.19"]
[Round "8"]
[White "Schwegler, Jelena"]
[Black "Diederich, Greta"]
[Result "0-1"]
[Termination "normal"]
[Board "18"]
[WhiteElo "912"]
[BlackElo "1215"]
[PlyCount "40"]
[WhiteFideId "16225481"]
[BlackFideId "12988618"]
[EventCountry "GER"]
[EventRounds "11"]
[EventType "swiss"]
[EventDate "2016.05.14"]

1. e4 c5 2. d4 cxd4 3. c3 dxc3 4. Nxc3 Nc6 5. Nf3 e6 6. Bc4 Qc7 7. Nb5 Qb8 8.
O-O Nf6 9. Qe2 Ng4 10. g3 a6 11. Bf4 e5 12. Nc3 exf4 13. Bxf7+ Kd8 14. Rfd1
fxg3 15. hxg3 Bc5 16. Rf1 Qxg3+ 17. Kh1 Qh3+ 18. Kg1 Nd4 19. Qd3 Nxf3+ 20. Qxf3
Qh2# 0-1

[Event "DEM U12w 2016"]
[Site "Willingen GER"]
[Date "2016.05.19"]
[Round "8"]
[White "Wucherer, Sophie"]
[Black "Fuchs, Emily"]
[Result "1/2-1/2"]
[Termination "normal"]
[Board "19"]
[WhiteElo "1171"]
[BlackElo "1027"]
[PlyCount "101"]
[WhiteFideId "16225473"]
[BlackFideId "16208986"]
[EventCountry "GER"]
[EventRounds "11"]
[EventType "swiss"]
[EventDate "2016.05.14"]

1. e4 e5 2. Bc4 Nf6 3. Nc3 Nxe4 4. Nxe4 d5 5. Bb3 dxe4 6. Qe2 Nc6 7. Qxe4 Bd6
8. d3 O-O 9. Bd2 Qf6 10. Nf3 Bf5 11. Qe3 Nd4 12. Nxd4 exd4 13. Qf3 Rfe8+ 14.
Kf1 Bxd3+ 15. cxd3 Qxf3 16. gxf3 c6 17. Re1 Rxe1+ 18. Kxe1 Re8+ 19. Kd1 h5 20.
h3 Be7 21. Re1 Kf8 22. Re4 Rd8 23. a3 c5 24. Bc2 Rd5 25. b4 b6 26. Ke2 b5 27.
bxc5 Bxc5 28. Bb4 Bxb4 29. axb4 f5 30. Bb3 Rd8 31. Re6 h4 32. Ra6 Rc8 33. Rxa7
Rc1 34. Rf7+ Ke8 35. Rxg7 Rb1 36. Be6 Rb2+ 37. Kf1 Rxb4 38. Bxf5 Rb1+ 39. Kg2
b4 40. Rb7 Kd8 41. Bd7 Rd1 42. Rxb4 Kxd7 43. Rxd4+ Ke7 44. Rxh4 Rxd3 45. Re4+
Kf6 46. Re3 Rd5 47. Re4 Kg5 48. f4+ Kh4 49. Re5 Rd8 50. Rg5 Rd5 51. Rxd5
1/2-1/2

[Event "DEM U12w 2016"]
[Site "Willingen GER"]
[Date "2016.05.19"]
[Round "8"]
[White "Kriuckova, Sonia"]
[Black "Wittich, Carlotta"]
[Result "0-1"]
[Termination "normal"]
[Board "20"]
[WhiteElo "1231"]
[BlackElo "952"]
[PlyCount "28"]
[WhiteFideId "16204310"]
[BlackFideId "16217411"]
[EventCountry "GER"]
[EventRounds "11"]
[EventType "swiss"]
[EventDate "2016.05.14"]

1. e4 e5 2. Nf3 Nc6 3. Bb5 a6 4. Ba4 b5 5. Bb3 Nf6 6. O-O Bc5 7. Nxe5 Nxe5 8.
d4 Bxd4 9. Qxd4 Qe7 10. Bg5 c5 11. Qd5 Nxd5 12. Bxe7 Nxe7 13. Bd5 Nxd5 14. exd5
O-O 0-1

[Event "DEM U12w 2016"]
[Site "Willingen GER"]
[Date "2016.05.20"]
[Round "9"]
[White "Khamenya, Vitalia"]
[Black "Basovskiy, Jana"]
[Result "1-0"]
[Termination "normal"]
[Board "1"]
[WhiteElo "1611"]
[BlackElo "1365"]
[WhiteClock "00:11:01"]
[BlackClock "00:06:15"]
[PlyCount "55"]
[WhiteFideId "12959260"]
[BlackFideId "16208617"]
[EventCountry "GER"]
[EventRounds "11"]
[EventType "swiss"]
[EventDate "2016.05.14"]

1. e4 e5 2. Nc3 d6 3. g3 c6 4. d4 Nd7 5. Bg2 Be7 6. f4 Ngf6 7. Nf3 Qc7 8. O-O
O-O 9. f5 Re8 10. Kh1 Rb8 11. Re1 b5 12. a3 a5 13. Qd3 Qb7 14. Nd1 c5 15. d5 c4
16. Qe2 Nc5 17. Nf2 Qc7 18. g4 h6 19. h4 Nh7 20. Kh2 Qd8 21. Kg3 Nf6 22. Rh1
Ba6 23. g5 hxg5 24. hxg5 Nh7 25. Nxe5 Bxg5 26. Qh5 Qf6 27. Qxh7+ Kf8 28. Nc6
1-0

[Event "DEM U12w 2016"]
[Site "Willingen GER"]
[Date "2016.05.20"]
[Round "9"]
[White "Ziegenfuß, Antonia"]
[Black "Schnabel, Luise"]
[Result "1-0"]
[Termination "normal"]
[Board "2"]
[WhiteElo "1560"]
[BlackElo "1621"]
[WhiteClock "00:29:52"]
[BlackClock "00:08:16"]
[PlyCount "85"]
[WhiteFideId "12962554"]
[BlackFideId "12943347"]
[EventCountry "GER"]
[EventRounds "11"]
[EventType "swiss"]
[EventDate "2016.05.14"]

1. d4 Nf6 2. Nf3 g6 3. c4 Bg7 4. Bf4 d6 5. e3 O-O 6. Be2 Nbd7 7. Nc3 c6 8. O-O
d5 9. Rc1 dxc4 10. Bxc4 c5 11. Nb5 Nh5 12. Bc7 Qe8 13. Ba5 b6 14. Nc7 Qd8 15.
Nxa8 bxa5 16. dxc5 Bb7 17. Bb5 Qxa8 18. Bxd7 Rd8 19. c6 Bxb2 20. cxb7 Qxb7 21.
Rb1 Rxd7 22. Rxb2 Qxb2 23. Qxd7 Qxa2 24. Qd8+ Kg7 25. Qd4+ Nf6 26. Ra1 Qc2 27.
Qd2 Qc7 28. Qxa5 Qd6 29. Qxa7 h5 30. Qd4 Qc7 31. h3 Qb7 32. Qa7 Qb4 33. Qa3 Qb7
34. Qa2 Qb5 35. Qa7 Qb4 36. Ne5 Qd6 37. Qd4 Qe6 38. Rd1 Qa6 39. g4 hxg4 40.
hxg4 Qe6 41. g5 Nh7 42. Ng4+ Kg8 43. Nh6+ 1-0

[Event "DEM U12w 2016"]
[Site "Willingen GER"]
[Date "2016.05.20"]
[Round "9"]
[White "Rudolph, Eva"]
[Black "Glinzner, Alva"]
[Result "1-0"]
[Termination "normal"]
[Board "3"]
[WhiteElo "1558"]
[BlackElo "1518"]
[WhiteClock "00:10:05"]
[BlackClock "00:26:24"]
[PlyCount "141"]
[WhiteFideId "16200594"]
[BlackFideId "16206169"]
[EventCountry "GER"]
[EventRounds "11"]
[EventType "swiss"]
[EventDate "2016.05.14"]

1. e4 c6 2. d4 d5 3. e5 Bf5 4. Be3 e6 5. Nd2 Nd7 6. Be2 Qb6 7. Qc1 c5 8. Ngf3
a6 9. O-O Qc7 10. Nh4 cxd4 11. Bxd4 Qxc2 12. Nxf5 Qxc1 13. Raxc1 exf5 14. Rc7
Bb4 15. Nb3 b6 16. e6 fxe6 17. Bxg7 Bd6 18. Rxd7 Kxd7 19. Bxh8 e5 20. Rd1 h6
21. Rxd5 Ne7 22. Rxe5 Rxh8 23. Re3 b5 24. Kf1 h5 25. Nd4 h4 26. Rh3 Be5 27. Rd3
Ke8 28. h3 Kf7 29. b3 Kf6 30. Nf3 Bf4 31. Rd7 Nc6 32. Rb7 Nb8 33. Rb6+ Kf7 34.
Ke1 Ke7 35. Bd3 Rh5 36. Nd4 Bc7 37. Rb7 Kd6 38. Nxf5+ Kc6 39. Be4+ Kd7 40. Ke2
Nc6 41. Ne3 Re5 42. Kd3 Nb4+ 43. Kd4 Re8 44. Bf3 Nxa2 45. Kc5 Re5+ 46. Nd5 Kd8
47. Kd4 Rxd5+ 48. Kxd5 Nb4+ 49. Kc5 Nd3+ 50. Kc6 Be5 51. Rd7+ Kc8 52. Rxd3 Bf6
53. Bg4+ Kb8 54. f4 b4 55. Kb6 Be7 56. Rd7 Bf6 57. Rf7 Bd8+ 58. Kxa6 Bc7 59.
Rf8+ Bd8 60. Rxd8+ Kc7 61. Rh8 Kd6 62. Re8 Kc7 63. f5 Kd7 64. Re4 Kc6 65. f6
Kd5 66. Bf3 Kd6 67. f7 Kd7 68. f8=Q Kc7 69. Qc5+ Kd7 70. Bg4+ Kd8 71. Qd6# 1-0

[Event "DEM U12w 2016"]
[Site "Willingen GER"]
[Date "2016.05.20"]
[Round "9"]
[White "Reuter, Elisa"]
[Black "Schneider, Katharina"]
[Result "1-0"]
[Termination "normal"]
[Board "4"]
[WhiteElo "1591"]
[BlackElo "1565"]
[WhiteClock "00:07:49"]
[BlackClock "01:04:21"]
[PlyCount "69"]
[WhiteFideId "12995444"]
[BlackFideId "16200519"]
[EventCountry "GER"]
[EventRounds "11"]
[EventType "swiss"]
[EventDate "2016.05.14"]

1. e4 e5 2. Nf3 Nc6 3. Bc4 Bc5 4. d3 Nf6 5. c3 a6 6. Nbd2 O-O 7. Bb3 Ba7 8. Nf1
d5 9. exd5 Nxd5 10. Ng3 Nf4 11. Bxf4 exf4 12. Ne2 Bg4 13. Neg1 Re8+ 14. Kf1 Ne5
15. d4 Nxf3 16. Nxf3 Qd7 17. Qd3 Qb5 18. Qxb5 axb5 19. Ne5 Be6 20. Bxe6 Rxe6
21. g3 f6 22. Nd3 f3 23. Nf4 Rd6 24. Re1 c5 25. d5 g5 26. Ne6 Bb6 27. Re3 Rxa2
28. Rxf3 Kf7 29. Nxg5+ Kg6 30. Ne4 Rxd5 31. Rxf6+ Kg7 32. Rxb6 Rxb2 33. Rxb7+
Kg6 34. Kg2 Re5 35. Re1 1-0

[Event "DEM U12w 2016"]
[Site "Willingen GER"]
[Date "2016.05.20"]
[Round "9"]
[White "Kunisch, Nina"]
[Black "Pavlov, Liliane"]
[Result "1-0"]
[Termination "normal"]
[Board "5"]
[WhiteElo "1480"]
[BlackElo "1445"]
[PlyCount "139"]
[WhiteFideId "12982849"]
[BlackFideId "16225449"]
[EventCountry "GER"]
[EventRounds "11"]
[EventType "swiss"]
[EventDate "2016.05.14"]

1. e4 b6 2. d4 Bb7 3. Nc3 e6 4. Nf3 Bb4 5. Bd3 Nf6 6. Qe2 Bxc3+ 7. bxc3 d6 8.
O-O h6 9. a4 Nbd7 10. Bd2 O-O 11. Rfe1 Re8 12. Ba6 Bxa6 13. Qxa6 e5 14. Qd3
exd4 15. cxd4 Qe7 16. Bc3 c5 17. e5 dxe5 18. dxe5 Nh7 19. Re3 Rad8 20. Qf5 Ndf8
21. Rae1 Qd7 22. Nh4 Qxa4 23. Nf3 Qd7 24. Qf4 Ng6 25. Qg3 Re6 26. Nh4 Nxh4 27.
Qxh4 Rde8 28. Qg4 Qc6 29. Rf3 Rg6 30. Qf4 Ng5 31. Rg3 Ree6 32. Ree3 a5 33. h4
Nh7 34. Ref3 Qd7 35. Rd3 Qe8 36. Rxg6 Rxg6 37. Qf5 a4 38. Rd7 Nf8 39. Rc7 Ne6
40. Ra7 b5 41. Qf3 Nf8 42. Qd5 c4 43. Bb4 Qe6 44. Qd8 Qxe5 45. Qxf8+ Kh7 46.
Qe7 Qd5 47. Qb7 Qd1+ 48. Kh2 Qg4 49. g3 Qf5 50. Qxf7 Qxf7 51. Rxf7 Rf6 52. Rxf6
gxf6 53. Kg2 Kg6 54. Kf3 Kf5 55. c3 h5 56. Bc5 Ke6 57. Ke4 f5+ 58. Kf4 Kd5 59.
Bb4 Ke6 60. Kg5 Ke5 61. Kxh5 Ke4 62. Kg5 Kd3 63. h5 a3 64. Bxa3 Kxc3 65. h6 b4
66. Bxb4+ Kxb4 67. h7 c3 68. h8=Q Kb3 69. Qc8 c2 70. Kxf5 1-0

[Event "DEM U12w 2016"]
[Site "Willingen GER"]
[Date "2016.05.20"]
[Round "9"]
[White "Bardorz, Jana"]
[Black "Ortlepp, Klaudia"]
[Result "1/2-1/2"]
[Termination "normal"]
[Board "6"]
[WhiteElo "1485"]
[BlackElo "1407"]
[PlyCount "47"]
[WhiteFideId "16208897"]
[BlackFideId "16206045"]
[EventCountry "GER"]
[EventRounds "11"]
[EventType "swiss"]
[EventDate "2016.05.14"]

1. e4 e5 2. Nf3 Nc6 3. Nc3 f5 4. d3 fxe4 5. dxe4 Nf6 6. Bd3 Bc5 7. O-O O-O 8.
Bg5 Be7 9. Bc4+ Kh8 10. Nh4 Na5 11. Qd3 Nxc4 12. Qxc4 d6 13. Nf5 Bxf5 14. exf5
d5 15. Qh4 Qd7 16. g4 Rae8 17. Rad1 d4 18. Ne2 Nd5 19. Bxe7 Qxe7 20. Qh5 c5 21.
Rd3 Nf6 22. Qh4 Nd5 23. Qh5 Nf6 24. Qh4 1/2-1/2

[Event "DEM U12w 2016"]
[Site "Willingen GER"]
[Date "2016.05.20"]
[Round "9"]
[White "Brunner, Sophia"]
[Black "Sinnhöfer, Lilian"]
[Result "1/2-1/2"]
[Termination "normal"]
[Board "7"]
[WhiteElo "1602"]
[BlackElo "1283"]
[PlyCount "80"]
[WhiteFideId "12960683"]
[BlackFideId "12977586"]
[EventCountry "GER"]
[EventRounds "11"]
[EventType "swiss"]
[EventDate "2016.05.14"]

1. e4 e5 2. Nf3 Nc6 3. d4 exd4 4. Nxd4 Nf6 5. Nxc6 bxc6 6. e5 Qe7 7. Qe2 Nd5 8.
c4 Ba6 9. b3 Qh4 10. Bb2 Bb4+ 11. Nd2 Nc3 12. Bxc3 Bxc3 13. Rc1 Bb4 14. Qe3 Bb7
15. Be2 c5 16. O-O O-O 17. f4 Rfe8 18. Nf3 Qh6 19. g3 f6 20. Qd3 fxe5 21. Nxe5
d6 22. Ng4 Qh3 23. Bf3 Bxf3 24. Qxf3 h5 25. Nf2 Qf5 26. Nd3 Bd2 27. Rcd1 Be3+
28. Nf2 Qc2 29. Qd5+ Kf8 30. Rd3 Bd4 31. Qf5+ Kg8 32. Qd5+ Kf8 33. Rf3 Qxa2 34.
Qxh5 Rab8 35. Qf5+ Kg8 36. Qd5+ Kf8 37. Qf5+ Ke7 38. Re1+ Kd8 39. Rxe8+ Kxe8
40. Qe6+ Kf8 1/2-1/2

[Event "DEM U12w 2016"]
[Site "Willingen GER"]
[Date "2016.05.20"]
[Round "9"]
[White "Peglau, Mirjam"]
[Black "Otterpohl, Isabel"]
[Result "1-0"]
[Termination "normal"]
[Board "8"]
[WhiteElo "1314"]
[BlackElo "1699"]
[PlyCount "159"]
[WhiteFideId "16211138"]
[BlackFideId "12999180"]
[EventCountry "GER"]
[EventRounds "11"]
[EventType "swiss"]
[EventDate "2016.05.14"]

1. e4 e5 2. Nf3 Nc6 3. Bc4 Nf6 4. Ng5 d5 5. exd5 Na5 6. d3 h6 7. Nf3 e4 8. Qe2
Qe7 9. dxe4 Nxe4 10. Nbd2 Nxc4 11. Qxe4 Nb6 12. Qxe7+ Bxe7 13. c4 Bb4 14. b3
O-O 15. O-O Bg4 16. h3 Bh5 17. Bb2 Rfe8 18. a3 Bd6 19. Rfe1 Bf4 20. g3 Bd6 21.
Kg2 Nd7 22. Ne4 Bf8 23. Nc3 Nc5 24. Nb5 Rec8 25. Re3 c6 26. dxc6 Rxc6 27. g4
Bg6 28. Ne5 Rf6 29. Nf3 Be4 30. Bxf6 Bxf3+ 31. Rxf3 gxf6 32. b4 Nd7 33. c5 Bg7
34. Rd3 Ne5 35. Rd4 a6 36. Nc3 Kf8 37. Rad1 Ke8 38. Re1 Kf8 39. f4 Nc6 40. Rd7
Rb8 41. Nd5 f5 42. Ne7 fxg4 43. hxg4 Nd8 44. Red1 Ne6 45. f5 Ng5 46. Nd5 Bb2
47. a4 Kg7 48. Rd2 Bc1 49. Rd3 Kf8 50. Nf6 Kg7 51. Nh5+ Kf8 52. Rd8+ Rxd8 53.
Rxd8+ Ke7 54. Rb8 Kd7 55. Rxb7+ Kc6 56. Rb6+ Kc7 57. Rxa6 Ne4 58. Ra7+ Kc6 59.
Rxf7 Bd2 60. Nf6 Ng5 61. Ne4 Nxe4 62. Rh7 Nf6 63. Rg7 Nd5 64. Rg6+ Kc7 65. Rd6
Nf4+ 66. Kf3 Bxb4 67. Kxf4 Bxc5 68. Rxh6 Bb4 69. Ke5 Kd7 70. Kf6 Bc3+ 71. Kf7
Bd2 72. Rh7 Kd6 73. a5 Bxa5 74. g5 Bc3 75. g6 Kd5 76. f6 Ke5 77. g7 Kf5 78.
g8=Q Bxf6 79. Qg6+ Kf4 80. Qxf6+ 1-0

[Event "DEM U12w 2016"]
[Site "Willingen GER"]
[Date "2016.05.20"]
[Round "9"]
[White "Dietz, Kristin"]
[Black "Bayer, Melissa"]
[Result "0-1"]
[Termination "normal"]
[Board "9"]
[WhiteElo "1432"]
[BlackElo "1484"]
[PlyCount "156"]
[WhiteFideId "12993743"]
[BlackFideId "16206916"]
[EventCountry "GER"]
[EventRounds "11"]
[EventType "swiss"]
[EventDate "2016.05.14"]

1. e4 e5 2. Nf3 Nc6 3. Bc4 Nf6 4. d3 Bc5 5. O-O h6 6. c3 O-O 7. Nbd2 d5 8. exd5
Nxd5 9. Ne4 Bb6 10. h3 Kh8 11. Re1 f6 12. Qc2 Bf5 13. Bd2 Na5 14. Bxd5 Qxd5 15.
Be3 Rfd8 16. Bxb6 axb6 17. d4 exd4 18. Nxd4 Bh7 19. Nf3 Re8 20. Nfd2 Rad8 21.
Qa4 f5 22. c4 Qd4 23. Nf3 Qxc4 24. Nc3 Qxa4 25. Nxa4 g5 26. Ne5 Kg7 27. b4 Nc6
28. Nxc6 bxc6 29. Rxe8 Rxe8 30. Rc1 Re6 31. Nc3 Bg8 32. a4 c5 33. bxc5 bxc5 34.
Nb5 c6 35. Na7 c4 36. Rd1 c5 37. Nb5 Ra6 38. Ra1 Ra5 39. Kf1 Kf6 40. Ke2 Bd5
41. g3 Bc6 42. Nc3 Ke5 43. Kd2 h5 44. h4 g4 45. Ke3 Be4 46. Ra2 Bf3 47. Nb5 Ra8
48. Nc3 Rd8 49. Rd2 Re8 50. Rd7 Bc6 51. Rc7 Kd6+ 52. Kd2 Kxc7 53. a5 Ra8 54.
Ne2 Rxa5 55. Nf4 Be8 56. Nd5+ Kd6 57. Ne3 Ra2+ 58. Ke1 Ke5 59. Nxc4+ Kd4 60.
Ne3 Ke4 61. Nd1 Kf3 62. Kf1 Bb5+ 63. Ke1 Re2+ 64. Kf1 Rxf2+ 65. Ke1 Rg2 66. Nc3
Bc4 67. Nd1 Kxg3 68. Ne3 Re2+ 69. Kd1 Rxe3 70. Kd2 Re2+ 71. Kc3 f4 72. Kxc4 f3
73. Kxc5 f2 74. Kd4 f1=Q 75. Kd3 Qd1+ 76. Kc3 Rc2+ 77. Kb3 Qb1+ 78. Ka3 Ra2#
0-1

[Event "DEM U12w 2016"]
[Site "Willingen GER"]
[Date "2016.05.20"]
[Round "9"]
[White "Limbach, Anna-Lena"]
[Black "Stowicek, Yara Mathilda"]
[Result "1/2-1/2"]
[Termination "normal"]
[Board "10"]
[WhiteElo "1365"]
[BlackElo "1394"]
[PlyCount "64"]
[WhiteFideId "12980412"]
[BlackFideId "16203569"]
[EventCountry "GER"]
[EventRounds "11"]
[EventType "swiss"]
[EventDate "2016.05.14"]

1. e4 e5 2. Nf3 Nc6 3. d4 exd4 4. Nxd4 Nf6 5. Nxc6 bxc6 6. e5 Qe7 7. Qe2 Nd5 8.
c4 Ba6 9. b3 g6 10. g3 Bg7 11. Bb2 O-O 12. Bg2 d6 13. f4 Qe6 14. O-O f6 15. Re1
Rae8 16. cxd5 Bxe2 17. dxe6 Bd3 18. Bxc6 Re7 19. exd6 cxd6 20. Nd2 Rc8 21. Bd7
Rc2 22. Bc1 f5 23. Rb1 Rxa2 24. h3 Bxb1 25. Nxb1 Ra5 26. Rd1 Bf8 27. Rxd6 Ra1
28. Rd1 Rxb1 29. Kf1 Rxb3 30. Kf2 h6 31. Be3 Rb7 32. Re1 Rc7 1/2-1/2

[Event "DEM U12w 2016"]
[Site "Willingen GER"]
[Date "2016.05.20"]
[Round "9"]
[White "Kiesel, Lara"]
[Black "Meijerink, Inken"]
[Result "0-1"]
[Termination "normal"]
[Board "11"]
[WhiteElo "1318"]
[BlackElo "1306"]
[PlyCount "38"]
[WhiteFideId "12973785"]
[BlackFideId "16225465"]
[EventCountry "GER"]
[EventRounds "11"]
[EventType "swiss"]
[EventDate "2016.05.14"]

1. e4 c5 2. Nc3 Nc6 3. g3 g6 4. Bg2 Bg7 5. d3 e6 6. f4 Nge7 7. Nf3 O-O 8. O-O
d5 9. Bd2 Qd7 10. Kh1 f5 11. e5 d4 12. Ne2 Rb8 13. c3 dxc3 14. Bxc3 b6 15. d4
Ba6 16. Re1 Rfd8 17. dxc5 Qxd1 18. Raxd1 Rxd1 19. Rxd1 Bxe2 0-1